| 000 | 00945nam a2200265 i 4500 | ||
|---|---|---|---|
| 001 | 175448 | ||
| 003 | ES-MaACL | ||
| 005 | 20230906215828.0 | ||
| 007 | t| | ||
| 008 | 101028s1978 sp o r ||||1| spa d | ||
| 020 | _a84-369-0623-3 | ||
| 080 | _a73 Barón, Francisco | ||
| 080 | _a929 Barón, Francisco | ||
| 100 | 1 |
_aEsteban Leal, Paloma. _9143769 |
|
| 245 | 1 | 0 |
_aFrancisco Barón / _cPaloma Esteban Leal. |
| 260 |
_a[Madrid] : _bServicio de Publicaciones del Ministerio de Educación y Ciencia, _cD. L. 1978. |
||
| 300 |
_a93 p. : _bfot. col. y n. ; _c17 cm. |
||
| 490 | 1 |
_aArtistas españoles contemporáneos. Escultores ; _v159 |
|
| 504 | _aBibliografía: p. 87-91. | ||
| 600 | 1 | 4 |
_aBarón, Francisco. _925768 |
| 710 | 1 |
_aEspaña. _bMinisterio de Educación y Ciencia. _93864 |
|
| 830 | 0 |
_aArtistas españoles contemporáneos. Escultores ; _v159 _9189662 |
|
| 852 |
_aES-MaACL _j2261-F-103 _xOlim P-1916 |
||
| 999 |
_c175448 _d175448 |
||